The Complete Stax/Volt singles, 1959-1968. Volume 5.

Bibliographic Details
Format: CD Audio
Language:English
Published: New York : Atlantic Group, [1991]
Subjects:

MARC

Tag First Indicator Second Indicator Subfields
LEADER 00000cjm a2200000 a 4500
001 in00001404955
005 20151020064058.0
007 sd fungnn|||ee
008 910808r19911965nyuppn eng d
028 0 0 |a 82218-2  |b Atlantic Group 
028 0 0 |a 7 82218-2  |b Atlantic Group 
035 |a (OCoLC)24203252 
035 |9 AHP4463AM 
040 |a TLM  |c TLM  |d VRU  |d TXA  |d UtOrBLW 
049 |a TXAV 
090 |a M1630.18  |b .C66 1991 v.5 
092 |a POP/ROCK  |b Coll 
245 0 4 |a The Complete Stax/Volt singles, 1959-1968.  |n Volume 5. 
264 1 |a New York :  |b Atlantic Group,  |c [1991] 
264 4 |c ℗1991 
300 |a 1 sound disc :  |b digital ;  |c 4 3/4 in. 
336 |a performed music  |b prm  |2 rdacontent 
337 |a audio  |b s  |2 rdamedia 
338 |a audio disc  |b sd  |2 rdacarrier 
500 |a Compact disc. 
500 |a Atlantic Group: 82218-2 (container: 7 82218-2). 
500 |a Soul music; originally released on Stax and Volt labels, 1965-66. 
511 0 |a Various performers. 
500 |a Booklet containing historical notes by Rob Bowman and Steve Greenberg and details of the recordings (64 pages : ill., ports. ; 28 x 28 cm) in box. 
505 0 |a Stop! Look what you're doin' (Carla Thomas) -- Willy Nilly (Rufus Thomas) -- Don't have to shop around (Mad Lads) -- Crying all by myself (William Bell) -- I take what I want (Sam & Dave) -- When you move you lose (Rufus & Carla) -- Respect (Otis Redding) -- Make it me (The Premiers) -- The world is round (Rufus Thomas) -- In the twilight zone (The Astors) -- Blue groove (Sir Isaac & the Do-Dads) -- You don't know like I know (Sam & Dave) -- Grab this thing (part 1) (Mar-Keys) -- Be my lady (Booker T. & the MGs) -- Comfort me (Carla Thomas) -- I can't turn you loose ; Just one more day (Otis Redding) -- I want someone (Mad Lads) -- Birds & bees (Rufus & Carla) -- Philly dog (Mar-Keys) -- I had a dream (Johnnie Taylor) -- Satisfaction (Otis Redding) -- Things get better (Eddie Floyd) -- I'll run your hurt away (Ruby Johnson) -- Hot dog (Four shells) -- Let me be good to you (Carla Thomas) -- Hold on! I'm comin' (Sam & Dave) 
500 |a Sound recording. 
650 0 |a Popular music  |y 1961-1970. 
650 0 |a Soul music  |y 1961-1970. 
948 |a c:jlg 
999 |a MARS 
999 f f |s b8a1ef21-d80c-3fa4-b2af-7b32dc699f1b  |i 34edf7d5-8637-3a16-8ae2-f33ad5e97eed  |t 0 
952 f f |p ric  |a Texas A&M University  |b Rellis Campus  |c Joint Library Facility  |d Remote Storage  |t 0  |e M1630.18.C66 1991 v.5  |h Library of Congress classification  |i audio -- audio disc  |m A14822463352 
952 f f |p ric  |a Texas A&M University  |b Rellis Campus  |c Joint Library Facility  |d Remote Storage  |t 0  |e M1630.18 .C66 1991 v.5  |h Library of Congress classification  |i audio -- audio disc  |m A14830424710 
998 f f |a M1630.18 .C66 1991 v.5  |t 0  |l Remote Storage 
998 f f |a M1630.18.C66 1991 v.5  |t 0  |l Remote Storage